000
00209nam a22000857a 4500
008
161214b xxu||||| |||| 00| 0 eng d
100
_9
2054
_a
NCERT
245
_a
Marrigold English-I
260
_a
New Delhi
_b
NCERT
_c
2006
999
_c
4925
_d
4925